[Event "Liptovsky Mikulas Relax op"]
[Site "Liptovsky Mikulas"]
[Date "2016.11.17"]
[Round "6"]
[White "Nahalka, Jan"]
[Black "Ondercin, Martin"]
[Result "1/2-1/2"]
[WhiteElo "1779"]
[BlackElo "1940"]
[PlyCount "33"]
[EventDate "2016.11.13"]
[EventType "swiss"]
[EventRounds "7"]
[EventCountry "SVK"]
[SourceTitle "CBM 175 Extra"]
[Source "ChessBase"]
[SourceDate "2016.12.12"]
[SourceVersion "1"]
[SourceVersionDate "2016.12.12"]
[SourceQuality "1"]

1. d4 Nf6 2. c4 c5 3. Nf3 e6 4. Nc3 g6 5. g3 Bg7 6. Bg2 0-0 7. 0-0 cxd4 8. Nxd4 Nc6 9. e3 a6 10. b3 d5 11. cxd5 Nxd4 12. exd4 exd5 13. Bg5 h6 14. Bxf6 Qxf6 15. Nxd5 Qxd4 16. Qxd4 Bxd4 17. Rad1 1/2-1/2

[Event "SVK-chT2A 1516"]
[Site "Slovakia"]
[Date "2016.02.13"]
[Round "8.5"]
[White "Ondercin, Martin"]
[Black "Nicolini, Alexander"]
[Result "0-1"]
[WhiteElo "1945"]
[BlackElo "2148"]
[PlyCount "68"]
[EventDate "2015.10.17"]
[EventType "team-tourn"]
[EventRounds "11"]
[EventCountry "SVK"]
[SourceTitle "EXT 2017"]
[Source "ChessBase"]
[SourceDate "2016.10.25"]
[SourceVersion "1"]
[SourceVersionDate "2016.10.25"]
[SourceQuality "1"]
[WhiteTeam "Pezinok"]
[BlackTeam "Trnava Lokomotiva II"]
[WhiteTeamCountry "SVK"]
[BlackTeamCountry "SVK"]

1. e4 c6 2. d4 d5 3. Nc3 g6 4. Nf3 Bg7 5. Be3 Nf6 6. e5 Nfd7 7. Qd2 Nf8 8. Bd3 h6 9. 0-0 Bf5 10. Bxf5 gxf5 11. Ne2 e6 12. Nf4 h5 13. h4 Nbd7 14. Ng5 Qe7 15. b3 0-0-0 16. Qa5 a6 17. Rac1 f6 18. exf6 Nxf6 19. c4 Bh6 20. Nd3 Ng6 21. g3 Ne4 22. Nf4 Nxf4 23. gxf4 Rhf8 24. f3 Bxg5 25. fxg5 f4 26. fxe4 fxe3 27. cxd5 exd5 28. e5 Qe6 29. Rf6 Rxf6 30. exf6 Qg4+ 31. Kf1 Qf3+ 32. Kg1 Qf2+ 33. Kh1 Qxh4+ 34. Kg2 Qxg5+ 0-1

[Event "SVK-chT2A 1516"]
[Site "Slovakia"]
[Date "2015.11.07"]
[Round "3.6"]
[White "Ondercin, Martin"]
[Black "Vrtiakova, Anna"]
[Result "1/2-1/2"]
[WhiteElo "1934"]
[BlackElo "1970"]
[PlyCount "108"]
[EventDate "2015.10.17"]
[EventType "team-tourn"]
[EventRounds "11"]
[EventCountry "SVK"]
[SourceTitle "CBM 169 Extra"]
[Source "ChessBase"]
[SourceDate "2015.12.18"]
[SourceVersion "1"]
[SourceVersionDate "2015.12.18"]
[SourceQuality "1"]
[WhiteTeam "Pezinok"]
[BlackTeam "Bratislava KSN"]
[WhiteTeamCountry "SVK"]
[BlackTeamCountry "SVK"]

1. e4 c5 2. Nc3 a6 3. g3 Nc6 4. Bg2 g6 5. d3 Bg7 6. Be3 Nd4 7. Nge2 e6 8. Qd2 Ne7 9. 0-0 0-0 10. Nd1 d5 11. exd5 Nxd5 12. c3 Nxe3 13. fxe3 Nc6 14. Qc2 Bd7 15. d4 Qe7 16. Nf2 Rac8 17. Rad1 cxd4 18. exd4 Nb4 19. Qd2 Nd5 20. Nf4 Nxf4 21. Qxf4 Bc6 22. Bxc6 Rxc6 23. Nd3 b5 24. Rfe1 Qa7 25. Qf2 a5 26. a3 Rb8 27. Qf3 Rd6 28. Kg2 h5 29. Ne5 Qc7 30. Nd3 Rd5 31. Re4 Bh6 32. Re5 Rbd8 33. Rde1 Bg7 34. Rxd5 Rxd5 35. Rf1 Qe7 36. Nc5 Bf8 37. Ne4 Bg7 38. Nc5 Bf8 39. Ne4 Bg7 40. Nc5 Bh6 41. h4 Kg7 42. Qe2 Qe8 43. b4 axb4 44. axb4 Qa8 45. Qf3 Rd8 46. Ne4 f5 47. Nc5 Qxf3+ 48. Kxf3 Kf7 49. Ra1 Bd2 50. Ra7+ Kf6 51. Ra6 Re8 52. d5 Bxc3 53. Nxe6 Ke5 54. Nc7 Re7 1/2-1/2

[Event "Bratislava Doprastav op"]
[Site "Bratislava"]
[Date "2013.06.30"]
[Round "4"]
[White "Chovanec, Vladimir"]
[Black "Ondercin, Martin"]
[Result "1/2-1/2"]
[WhiteElo "2102"]
[BlackElo "1825"]
[PlyCount "23"]
[EventDate "2013.06.28"]
[EventType "swiss"]
[EventRounds "9"]
[EventCountry "SVK"]
[SourceTitle "EXT 2015"]
[Source "ChessBase"]
[SourceDate "2014.11.20"]
[SourceVersion "1"]
[SourceVersionDate "2014.11.20"]
[SourceQuality "1"]

1. e4 e5 2. Nf3 d6 3. d4 Nf6 4. Bc4 Be7 5. Nc3 Nbd7 6. g4 Nb6 7. dxe5 Nxc4 8. exf6 Bxf6 9. Rg1 Bxc3+ 10. bxc3 Be6 11. Qd4 f6 12. Rb1 1/2-1/2

[Event "Bratislava Slovan op"]
[Site "Bratislava"]
[Date "2013.05.03"]
[Round "8"]
[White "Cambel, Vladimir"]
[Black "Ondercin, Martin"]
[Result "1-0"]
[WhiteElo "2069"]
[BlackElo "1789"]
[PlyCount "117"]
[EventDate "2013.04.27"]
[EventType "swiss"]
[EventRounds "9"]
[EventCountry "SVK"]
[SourceTitle "EXT 2023"]
[Source "ChessBase"]
[SourceDate "2022.10.05"]
[SourceVersion "1"]
[SourceVersionDate "2022.10.05"]
[SourceQuality "1"]

1. Nf3 Nf6 2. c4 e6 3. g3 b6 4. Bg2 Bb7 5. 0-0 Be7 6. d4 0-0 7. Nc3 d5 8. Ne5 Nbd7 9. Bg5 h6 10. Bf4 Rc8 11. Nb5 a6 12. Na7 Ra8 13. Nac6 Qe8 14. Rc1 Nxe5 15. Nxe7+ Qxe7 16. Bxe5 Rac8 17. c5 bxc5 18. Rxc5 c6 19. Qb3 Ba8 20. Ra5 Nd7 21. Rxa6 Nxe5 22. dxe5 Rb8 23. Rb6 Qc7 24. Rxb8 Rxb8 25. Qc3 Qb6 26. b3 Qa6 27. Qc2 Qa3 28. f4 Bb7 29. f5 exf5 30. Qxf5 Rf8 31. Qd7 Ba6 32. e6 Qc5+ 33. Kh1 fxe6 34. Qxe6+ Kh8 35. Rxf8+ Qxf8 36. Qxc6 Qf2 37. h3 Qe1+ 38. Kh2 Qxe2 39. a4 d4 40. Qa8+ Kh7 41. Qe4+ Kg8 42. Qxd4 Bb7 43. Qc4+ Qxc4 44. bxc4 Ba6 45. c5 Kf7 46. Bc6 Ke6 47. g4 Bd3 48. Kg3 g6 49. Bb5 Be4 50. Kf4 Bg2 51. h4 Kd5 52. c6 Kd6 53. a5 Kc7 54. g5 hxg5+ 55. hxg5 Bh3 56. Ke5 Bf5 57. Kd5 Bg4 58. Bd3 Bf3+ 59. Be4 1-0

[Event "Bratislava Slovan op"]
[Site "Bratislava"]
[Date "2013.04.28"]
[Round "3"]
[White "Mandak, Miroslav"]
[Black "Ondercin, Martin"]
[Result "1/2-1/2"]
[WhiteElo "1982"]
[BlackElo "1789"]
[PlyCount "127"]
[EventDate "2013.04.27"]
[EventType "swiss"]
[EventRounds "9"]
[EventCountry "SVK"]
[SourceTitle "EXT 2023"]
[Source "ChessBase"]
[SourceDate "2022.10.05"]
[SourceVersion "1"]
[SourceVersionDate "2022.10.05"]
[SourceQuality "1"]

1. d4 d5 2. Nf3 Nf6 3. Nbd2 g6 4. e3 Bg7 5. Bd3 Nbd7 6. b3 c5 7. Bb2 0-0 8. 0-0 b6 9. Qe2 Bb7 10. Ne5 Ne4 11. Nxd7 Qxd7 12. Rab1 Nxd2 13. Qxd2 Rac8 14. dxc5 Rxc5 15. Bxg7 Kxg7 16. b4 Rc7 17. a4 Rfc8 18. b5 d4 19. e4 Rc5 20. f3 Rh5 21. Qf2 Qd6 22. f4 e6 23. g4 Rh3 24. Rbe1 Qd8 25. Kg2 Rh4 26. g5 Rh5 27. Qg3 f5 28. Kg1 Bxe4 29. Bxe4 fxe4 30. Rxe4 Rxc2 31. h4 d3 32. Rd1 d2 33. Qb3 Rc1 34. Qb2+ Kf7 35. Rxc1 dxc1Q+ 36. Qxc1 Rxh4 37. Rc4 Qd6 38. Rc7+ Ke8 39. Qc6+ Qxc6 40. bxc6 Rxf4 41. Rxa7 Rc4 42. Rxh7 Rxc6 43. Kf2 Rc5 44. Rb7 Rxg5 45. Rxb6 Kd7 46. Kf3 Ra5 47. Rb4 Kd6 48. Rg4 g5 49. Ke3 Rd5 50. Rb4 Ra5 51. Rg4 e5 52. Rxg5 Rxa4 53. Rg8 Ke7 54. Rb8 Rd4 55. Rb6 Rd6 56. Rxd6 Kxd6 57. Ke4 Ke6 58. Ke3 Kd5 59. Kd3 e4+ 60. Ke3 Ke5 61. Ke2 Kd4 62. Kd2 e3+ 63. Ke2 Ke4 64. Ke1 1/2-1/2

[Event "Bratislava Slovan op"]
[Site "Bratislava"]
[Date "2013.04.28"]
[Round "2"]
[White "Ondercin, Martin"]
[Black "Kebis, Milos"]
[Result "1-0"]
[WhiteElo "1789"]
[BlackElo "1999"]
[PlyCount "59"]
[EventDate "2013.04.27"]
[EventType "swiss"]
[EventRounds "9"]
[EventCountry "SVK"]
[SourceTitle "EXT 2023"]
[Source "ChessBase"]
[SourceDate "2022.10.05"]
[SourceVersion "1"]
[SourceVersionDate "2022.10.05"]
[SourceQuality "1"]

1. e4 e5 2. Nf3 Nc6 3. Bb5 Nf6 4. 0-0 d6 5. d4 Bd7 6. Re1 a6 7. Ba4 b5 8. Bb3 exd4 9. Nxd4 Nxd4 10. e5 Nxb3 11. exf6+ Be6 12. fxg7 Bxg7 13. axb3 0-0 14. Nc3 d5 15. Qh5 Qf6 16. Nxd5 Bxd5 17. Qxd5 Rae8 18. Rf1 Re5 19. Qb7 Re6 20. c3 Qg6 21. Qxc7 Be5 22. Qb7 Rb8 23. Qd5 Bc7 24. f4 Qc2 25. f5 Re5 26. Qf3 a5 27. Bh6 Re4 28. Rf2 Qxf2+ 29. Kxf2 Rbe8 30. Re1 1-0

[Event "Tatry op"]
[Site "Tatranske Zruby"]
[Date "2012.09.26"]
[Round "5"]
[White "Partys, Petr"]
[Black "Ondercin, Martin"]
[Result "1-0"]
[WhiteElo "2027"]
[BlackElo "1764"]
[PlyCount "137"]
[EventDate "2012.09.23"]
[EventType "swiss"]
[EventRounds "9"]
[EventCountry "SVK"]
[SourceTitle "EXT 2023"]
[Source "ChessBase"]
[SourceDate "2022.10.05"]
[SourceVersion "1"]
[SourceVersionDate "2022.10.05"]
[SourceQuality "1"]

1. e4 e6 2. d4 d5 3. Nc3 dxe4 4. Nxe4 Nd7 5. Nf3 Ngf6 6. Bg5 h6 7. Nxf6+ Nxf6 8. Be3 b6 9. Ne5 Bd7 10. Nxd7 Qxd7 11. Qf3 c6 12. Bd3 Rc8 13. 0-0 Be7 14. c3 0-0 15. Rad1 Qd5 16. Qe2 Bd6 17. f4 Qh5 18. Qxh5 Nxh5 19. f5 exf5 20. Rxf5 g6 21. Rf3 Kg7 22. Rdf1 f5 23. Bd2 Rce8 24. Re1 Rxe1+ 25. Bxe1 Re8 26. Bd2 Nf6 27. g3 Ne4 28. Bc1 h5 29. Kg2 Kf6 30. Rf1 b5 31. c4 bxc4 32. Bxc4 Bb4 33. Rd1 g5 34. a3 Ba5 35. b4 Bb6 36. Bb2 Nd6 37. Bf1 Ke6 38. Re1+ Kd7 39. Rd1 Nb5 40. a4 Nd6 41. a5 Bc7 42. Rc1 Ne4 43. Bc4 Kd6 44. Rd1 g4 45. d5 c5 46. bxc5+ Kxc5 47. Bf1 Bxa5 48. Bd4+ Kxd5 49. Bc3+ Ke6 50. Bxa5 h4 51. Bd3 hxg3 52. hxg3 Kf6 53. Rf1 Kg6 54. Re1 Nf6 55. Rxe8 Nxe8 56. Kf2 Nd6 57. Ke3 Kf6 58. Bc7 Nb7 59. Kf4 Nc5 60. Be5+ Ke6 61. Bxf5+ Kd5 62. Bg7 a5 63. Kxg4 a4 64. Bb1 a3 65. Kf5 Kd6 66. g4 Ke7 67. Bc3 Na6 68. g5 Nc7 69. Bb4+ 1-0